| 000 | 01608nam a2200253Ia 4500 | ||
|---|---|---|---|
| 999 |
_c56130 _d56130 |
||
| 001 | 23231 | ||
| 003 | GE_BSU | ||
| 005 | 20251104211427.0 | ||
| 008 | 181216s1960||||ge |||||||||||||| ||geo|| | ||
| 040 | _cGE_BSU | ||
| 041 | _ageo | ||
| 080 | _a94(5-11) ა-94 | ||
| 245 |
_aაღმოსავლური კრებული 1960 N1 / _c საქ. სსრ მეცნიერებათა აკადემია ; ივ. ჯავახიშვილის სახელობის ისტორიის ინსტიტუტი ; სარედაქციო კოლეგია : ნ. ბერძენიშვილი, გრ. გიორგაძე. |
||
| 264 |
_aთბილისი : _bსაქ. სსრ მეცნ. აკად. გამ-ბა, _c1960. |
||
| 300 |
_a293 გვ. ; _c23 სმ. |
||
| 490 | _aკავკასიურ-ახლოაღმოსავლური კრებული. თბილისი, 1960-. | ||
| 520 | _aპარალ. სათ. რუ. და ინგლ. ენებზე | ||
| 541 | _h8 ლ. | ||
| 653 | _aაღმოსავლური კრებული 1 | ||
| 700 |
_aბერძენიშვილი, ნ. _eრედაქტორი _926160 |
||
| 700 |
_aგიორგაძე, გრ. _eრედაქტორი _926161 |
||
| 710 |
_aსაქ. სსრ მეცნიერებათა აკადემია _bივ. ჯავახიშვილის სახელობის ისტორიის ინსტიტუტი _926162 |
||
| 942 |
_cBK _2udc |
||